000 00543nam a2200169 i 4500
001 69807
003 ES-MaACL
005 20230906170626.0
007 t|
008 040712s1914 ua ||||1| fre d
100 1 _aGarcía de Herreros, Enrique.
_954434
245 1 4 _aLes tribunaux mixtes d'Egypte /
_cpar Enrique García de Herreros ; preface par Mª Francis Lalöé.
260 _a[Alexandrie :
_bUroleo Petrini et Cª,
_c1914]
300 _aXXIII, 229 p. ;
_c19 cm.
700 1 _aLalöé, Mª Francis.
_969738
852 _aES-MaACL
_jD-2333
999 _c69807
_d69807